000 00423nmm a2200145Ia 4500
008 251105s9999||||xx |||||||||||||||||und||
041 _aspa
100 _aCalderón, Cristián
245 0 _aLa imagen es la identidad
264 _a[Santiago de Chile, Chile] :
_bPatagonia,
_c2011
300 _a119 páginas
650 _aEconomics and Business
856 _uhttps://public.digitaliapublishing.com/a/23671
942 _cCF
999 _c104456
_d104456